000 00826nas a2200289 4500
001 BR2011004198
003 BR-BrBNA
005 20231205115506.0
007 ta
008 230509b bl.|||p| |||| 00| 00por d
040 _aBR-BrBNA
_bpor
_cBiblioteca Nacional de Agricultura
041 _a(Pt)
072 _aH20
100 1 _aFerronato, M. de L.
100 1 _aLima Neto, V. da C.
100 1 _aTomaz, R.
245 1 _aDoenças em cultivos de gérbera no estado do Paraná
650 _aDOENÇA DE PLANTA
650 _aGÉRBERA
650 _aPLANTA ORNAMENTAL
650 _aBACTÉRIA
650 _aFUNGO
650 _aCONTROLE INTEGRADO
773 0 _tScientia Agrária (Brazil)
_xISSN 1519-1125
_g(2008), v. 9(4) p. 481-489
_wBR2011004198
909 _a202311
_bLúcia
_c55
_dLúcia Elande
942 _2AGRIS
_n0
_cANA
999 _c214087
_d214087